Inspection and management of bridges with fracture-critical details : (Record no. 530088)

000 -LEADER
fixed length control field 02019cam a22004457a 4500
001 - CONTROL NUMBER
control field 14173088
003 - CONTROL NUMBER IDENTIFIER
control field NUST
005 - DATE AND TIME OF LATEST TRANSACTION
control field 20191009121444.0
008 - FIXED-LENGTH DATA ELEMENTS--GENERAL INFORMATION
fixed length control field 051118s2005 dcua b 000 0 eng d
010 ## - LIBRARY OF CONGRESS CONTROL NUMBER
LC control number 2005937608
020 ## - INTERNATIONAL STANDARD BOOK NUMBER
International Standard Book Number 0309097614 (pbk.)
035 ## - SYSTEM CONTROL NUMBER
System control number (OCoLC)ocm64432704
038 ## - RECORD CONTENT LICENSOR
Staff Name MSOHAIL
040 ## - CATALOGING SOURCE
Original cataloging agency OSU
Transcribing agency OSU
Modifying agency DAY
-- IQU
-- EEM
-- DLC
042 ## - AUTHENTICATION CODE
Authentication code lccopycat
050 00 - LIBRARY OF CONGRESS CALL NUMBER
Classification number TG315
Item number .C658 2005
050 14 - LIBRARY OF CONGRESS CALL NUMBER
Classification number TE7
Item number .N33 no. 354
082 00 - DEWEY DECIMAL CLASSIFICATION NUMBER
Classification number 624.20288
Edition number 22
100 1# - MAIN ENTRY--PERSONAL NAME
Personal name Conner, Robert J.
9 (RLIN) 23403
245 10 - TITLE STATEMENT
Title Inspection and management of bridges with fracture-critical details :
Remainder of title a synthesis of highway practice /
Statement of responsibility, etc. Robert J. Conner, Robert Dexter, and Hussam Mahmoud.
260 ## - PUBLICATION, DISTRIBUTION, ETC.
Place of publication, distribution, etc. Washington, D.C. :
Name of publisher, distributor, etc. Transportation Research Board,
Date of publication, distribution, etc. 2005.
300 ## - PHYSICAL DESCRIPTION
Extent 75 p. :
Other physical details ill. ;
Dimensions 28 cm.
490 1# - SERIES STATEMENT
Series statement NCHRP synthesis,
International Standard Serial Number 0547-5570 ;
Volume/sequential designation 354
500 ## - GENERAL NOTE
General note At head of title: National Cooperative Highway Research Program.
500 ## - GENERAL NOTE
General note "Research sponsored by the American Association of State Highway and Transportation Officials in cooperation with the Federal Highway Administration."
504 ## - BIBLIOGRAPHY, ETC. NOTE
Bibliography, etc. note Includes bibliographical references (p. 37-38).
650 #0 - SUBJECT ADDED ENTRY--TOPICAL TERM
Topical term or geographic name entry element Bridges
General subdivision Maintenance and repair.
9 (RLIN) 802
650 #0 - SUBJECT ADDED ENTRY--TOPICAL TERM
Topical term or geographic name entry element Concrete bridges
General subdivision Maintenance and repair.
9 (RLIN) 23404
700 1# - ADDED ENTRY--PERSONAL NAME
Personal name Dexter, Robert J.
Fuller form of name (Robert Joseph),
Dates associated with a name 1956-
9 (RLIN) 23405
700 1# - ADDED ENTRY--PERSONAL NAME
Personal name Mahmoud, Hussam.
9 (RLIN) 23406
710 2# - ADDED ENTRY--CORPORATE NAME
Corporate name or jurisdiction name as entry element National Cooperative Highway Research Program.
9 (RLIN) 20864
710 2# - ADDED ENTRY--CORPORATE NAME
Corporate name or jurisdiction name as entry element American Association of State Highway and Transportation Officials.
9 (RLIN) 19553
710 2# - ADDED ENTRY--CORPORATE NAME
Corporate name or jurisdiction name as entry element National Research Council (U.S.).
Subordinate unit Transportation Research Board.
9 (RLIN) 23407
830 #0 - SERIES ADDED ENTRY--UNIFORM TITLE
Uniform title Synthesis of highway practice ;
Volume/sequential designation 354.
9 (RLIN) 23408
856 41 - ELECTRONIC LOCATION AND ACCESS
Uniform Resource Identifier <a href="http://onlinepubs.trb.org/onlinepubs/nchrp/nchrp%5Fsyn%5F354.pdf">http://onlinepubs.trb.org/onlinepubs/nchrp/nchrp%5Fsyn%5F354.pdf</a>
Public note online version
906 ## - LOCAL DATA ELEMENT F, LDF (RLIN)
a 7
b cbc
c copycat
d 2
e epcn
f 20
g y-gencatlg
942 ## - ADDED ENTRY ELEMENTS (KOHA)
Source of classification or shelving scheme
Koha item type Book
Holdings
Withdrawn status Lost status Source of classification or shelving scheme Damaged status Not for loan Permanent Location Current Location Date acquired Total Checkouts Full call number Barcode Date last seen Price effective from Koha item type
          School of Civil and Environmental Engineering (SCEE) School of Civil and Environmental Engineering (SCEE) 10/09/2019   624.20288 NIT-11255 10/09/2019 10/09/2019 Book
© 2023 Central Library, National University of Sciences and Technology. All Rights Reserved.